Ultimate 9-1-1 Character Quiz - Statistics

General Stats
  • This quiz has been taken 237 times
  • The average score is 36 of 102
Answer Stats
Category Answer % Correct
118 mains Bobby Nash
99%
Family of the 118 Bobby Nash Jr
99%
118 mains Evan 'Buck' Buckley
99%
118 mains Henrietta Wilson
99%
118 mains Howard 'Chimney' Han
99%
118 mains Eddie Diaz
98%
Partners of the 118 Athena Grant
96%
Partners of the 118 Maddie Buckely-Han
96%
Family of the 118 Maddie Buckley-Han
96%
118 mains Ravi Panikkar
89%
Partners of the 118 Karen Wilson
87%
Family of the 118 May Grant
84%
Family of the 118 Harry Grant
82%
Family of the 118 Christopher Diaz
80%
Ex's of the 118 Tommy Kinard
79%
Ex's of the 118 Abby Clark
68%
Family of the 118 Jee-Yun Buckley-Han
68%
Family of the 118 Jee-Yun Han
68%
Ex's of the 118 Shannon Diaz
65%
Family of the 118 Denny Wilson
62%
Ex's of the 118 Taylor Kelly
62%
Family of the 118 Albert Han
60%
Family of the 118 Ann Hutchinson
59%
Family of the 118 Mara Wilson
57%
Ex's of the 118 Michael Grant
55%
Ex's of the 118 Ana Flores
53%
Family of the 118 Brook Nash
49%
Family of the 118 Margaret Buckley
49%
Family of the 118 Daniel Buckley
48%
Family of the 118 Phillip Buckley
47%
Family of the 118 Ramon Diaz
46%
characters that suck / are genuinely bad people ramon diaz
46%
Family of the 118 Helena Diaz
45%
Dispatch Josh Russo
43%
Dispatch Maddie Buckley-Han
43%
Partners of the 118 Marcy Nash
43%
Firefighters (the rest of them) Albert Han
42%
Family of the 118 Sang Han
42%
Family of the 118 Adriana Diaz
41%
Dispatch May Grant
41%
Family of the 118 Isabel Diaz
39%
Family of the 118 Sophia Diaz
39%
Family of the 118 Antonia Wilson
38%
Police Athena Grant
38%
Family of the 118 Charlie Nash
38%
characters that suck / are genuinely bad people helena diaz
36%
Ex's of the 118 Marisol
36%
Family of the 118 Tim Nash
36%
Ex's of the 118 Natalia Dollenmeyer
33%
Family of the 118 Bryon Wilson
32%
Family of the 118 Kevin Lee
30%
Ex's of the 118 Ali Martin
28%
Dispatch Sue Blevins
28%
Firefighters (the rest of them) Lena Bosko
26%
Family of the 118 John Lee
23%
Family of the 118 Anne Lee
21%
characters that suck / are genuinely bad people doug kendall
21%
Firefighters (the rest of them) Vincent Gerard
21%
characters that suck / are genuinely bad people vincent gerard
21%
Firefighters (the rest of them) Kevin Lee
20%
Ex's of the 118 Tatiana
19%
Family of the 118 Beatrice Carter
16%
Family of the 118 Josephina (Aunt Pepa)
16%
Dispatch Linda Bates
16%
Firefighters (the rest of them) Lucy Donato
16%
Misc characters Nia
16%
Police Elaine Maynard
14%
Family of the 118 Samuel Carter
14%
Ex's of the 118 Ava Mathis
12%
Dispatch Abby Clark
11%
Police Lou Ransone
11%
Police Rick Romero
9%
Firefighters (the rest of them) Sal Deluca
9%
characters that suck / are genuinely bad people sal deluca
9%
Dispatch Terry Flores
9%
Firefighters (the rest of them) Tommy Kinard
9%
characters that suck / are genuinely bad people tommy kinard
9%
Firefighters (the rest of them) Jonah Greenway
8%
characters that suck / are genuinely bad people jonah greenway
8%
Dispatch Claudette Collins
6%
Misc characters David Hale
6%
Misc characters Amir Casey
5%
characters that suck / are genuinely bad people brad torrance
5%
Misc characters Carla Price
5%
Misc characters Father Brian
5%
characters that suck / are genuinely bad people jeffrey hudson
5%
characters that suck / are genuinely bad people councilwoman ortiz
3%
Firefighters (the rest of them) Eli Cobb
3%
Misc characters Frank
3%
Dispatch Gloria Wagner
3%
characters that suck / are genuinely bad people gloria wagner
3%
characters that suck / are genuinely bad people amber braeburn
2%
characters that suck / are genuinely bad people dr wells
2%
characters that suck / are genuinely bad people moira blake
2%
Firefighters (the rest of them) Ronnie Cooper
2%
characters that suck / are genuinely bad people freddie costas
1%
characters that suck / are genuinely bad people greg
1%
Firefighters (the rest of them) Jeshen Mehta
1%
Misc characters Kameron
1%
Firefighters (the rest of them) Red Delacroix
1%
Police Andy Marks
0%
Misc characters Conner
0%
No matching quizzes found
Score Distribution
Percent of People with Each Score
Percentile by Number Answered
Your Score History
You have not taken this quiz